III Международная научно-практическая конференция "Детерминанты развития экономики и общества в условиях глобальных изменений", 24-25 апреля 2025 года. Т. 1 (Запись № 13454281)

Подробности
000 -МАРКЕР
контрольное поле 02746nam2a2200265 4500
001 - ИДЕНТИФИКАТОР ЗАПИСИ
контрольное поле RU\NLR\BIBL_A\022586486
005 - ИДЕНТИФИКАТОР ВЕРСИИ
контрольное поле 20250825171152.0
010 ## - МЕЖДУНАРОДНЫЙ СТАНДАРТНЫЙ НОМЕР КНИГИ (ISBN)
Номер (ISBN) 978-5-00261-206-2
Тираж 500
021 ## - НОМЕР ГОСУДАРСТВЕННОЙ РЕГИСТРАЦИИ
Код страны Российская Федерация
Номер КН-П-25-030452
Номер Листа государственной регистраци КН-П-25-3007
035 ## - ДРУГИЕ СИСТЕМНЫЕ НОМЕРА
Идентификатор записи (NLR Aleph) 022586486
100 ## - ДАННЫЕ ОБЩЕЙ ОБРАБОТКИ
Данные общей обработки 20250716d2025 k y0rusy50 ca
101 0# - ЯЗЫК РЕСУРСА
Язык текста, звукозаписи и т.д. русский
-- английский
102 ## - СТРАНА ПУБЛИКАЦИИ ИЛИ ПРОИЗВОДСТВА
Страна публикации Российская Федерация
105 ## - ПОЛЕ КОДИРОВАННЫХ ДАННЫХ: ТЕКСТОВЫЕ МАТЕРИАЛЫ, МОНОГРАФИЧЕСКИЕ
Кодированные данные о монографическом текстовом документе a z 100yy
200 0# - ЗАГЛАВИЕ И СВЕДЕНИЯ ОБ ОТВЕТСТВЕННОСТИ
Основное заглавие Т. 1
210 ## - ПУБЛИКАЦИЯ, РАСПРОСТРАНЕНИЕ И ДР.
Дата издания, распространения и т.д. 2025
215 ## - ФИЗИЧЕСКАЯ ХАРАКТЕРИСТИКА
Специфическое обозначение материала и объем 331 с.
Другие сведения о физической характеристике ил., табл.
300 ## - ОБЩИЕ ПРИМЕЧАНИЯ
Текст примечания Часть текста парал. на рус. и англ. яз.
320 ## - ПРИМЕЧАНИЯ О НАЛИЧИИ В ДОКУМЕНТЕ БИБЛИОГРАФИИ / УКАЗАТЕЛЯ
Текст примечания Библиогр. в конце ст.
461 #0 - УРОВЕНЬ НАБОРА
Встроенное поле 001RU\NLR\BIBL_A\022586481
-- 2001#$aIII Международная научно-практическая конференция "Детерминанты развития экономики и общества в условиях глобальных изменений", 24-25 апреля 2025 года$eсборник статей$fФедеральное государственное бюджетное образовательное учреждение высшего образования "Московский государственный университет технологий и управления имени К. Г. Разумовского (Первый казачий университет)", Кафедра финансов, бухгалтерского учета и экономической безопасности [и др.]$vТ. 1
Системный номер (АБИС) связанной записи 13691549
Автор "Детерминанты развития экономики и общества в условиях глобальных изменений", международная научно-практическая конференция (3 ; 2025 ; Москва)
Место публикации Москва
Дата публикации 2025-
Первые сведения об ответственности Федеральное государственное бюджетное образовательное учреждение высшего образования "Московский государственный университет технологий и управления имени К. Г. Разумовского (Первый казачий университет)", Кафедра финансов, бухгалтерского учета и экономической безопасности [и др.]
Имя издателя, распространителя и т.д. [б. и.]
Сведения, относящиеся к заглавию сборник статей
Заглавие III Международная научно-практическая конференция "Детерминанты развития экономики и общества в условиях глобальных изменений", 24-25 апреля 2025 года
Номер тома Т. 1
942 ## - ДОПОЛНИТЕЛЬНЫЕ ЭЛЕМЕНТЫ ЗАПИСИ (АБИС)
Тип экземпляра АБИС Книга
980 ## - КОЛЛЕКЦИЯ
Название коллекции Национальная библиография

Нет доступных экземпляров.